00610nam a2200217Ia 450000500170000000800410001702000150005808200130007324500410008625000080012726000300013530000170016565000200018265000080020265000180021070000260022870000220025494200060027695200950028299900150037720241204043957.0240331s9999 xx 000 0 und d a9295012011 bMENa894 0aMental health in the tamil community a2nd aJaffna bShanthihamc2005 aXI, 214 p ., aTamil Community aSex aMental Health aSomasundaram,D. eedt aSivayokan. Seedt cL 001040708LaWERCLbWERCLcSSCd2024-03-31l0o 894 MENp6539r2024-03-31w2024-03-31yL c4528d4528